000 00540nam a2200181 i 4500
001 bg
100 1 _aMALECKI, Z.
245 0 _aMonter zautomatyzowanego napędu elektrycznego /
_cZ. Malecki, A. Zimoch, J. Kozłowski.
250 _aWyd.2 zakt.
260 _aWarszawa,
_c1971.
700 1 _aZIMOCH, A.
700 1 _aKOZŁOWSKI, J.
040 _cBPK
041 _apol
942 _cKS
008 s pl f |000 0 pol
856 _uhttp://koha.tu.koszalin.pl/cgi-bin/koha/opac-detail.pl?biblionumber=7222
_yKatalog online BPK
999 _c7222
_d7222